Vista normal
Vista MARC
Entrada Topical Term
Número de registros utilizados en: 4
001 - CONTROL NUMBER
- control field: 68320
003 - CONTROL NUMBER IDENTIFIER
- control field: OSt
005 - DATE AND TIME OF LATEST TRANSACTION
- control field: 20260123130931.0
008 - FIXED-LENGTH DATA ELEMENTS
- fixed length control field: 260123|| aca||aabn | a|a d
040 ## - CATALOGING SOURCE
- Original cataloging agency: OSt
- Transcribing agency: OSt
150 ## - HEADING--TOPICAL TERM
- Topical term or geographic name entry element: Política internacional
- Geographic subdivision: Tolima (Colombia)
- Chronological subdivision: 1810-1958
- Form subdivision: Ensayos, conferencias, etc
670 ## - SOURCE DATA FOUND
- Source citation: Work cat.: (OSt)60331: Ortiz Bernal, José Afranio, 1955- 68316, El Tolima en la historia nacional /